00665nam a2200181 i 450000100060000000300090000600500170001500700030003200800410003510000360007624501030011225000120021526000530022730000280028085200350030899900170034395201230036050752ES-MaACL20230906162231.0t|030806s1945 sp ||||1| spa d1 aCuello Calón, Eugenio.94198610aManual de Derecho Penal español b: conforme al nuevo Código Penal / cEugenio Cuello Calón. a4ª ed. aBarcelona : bBosch, c[1945] (fImp. Clarasó) a2 t. en 3 v. ; c23 cm. aES-MaACLjB-10262-64 bR.21620 c50752d50752 00104070aATENEOMbATENEOMcSPBd2008-01-17eSCl0oB-10262-64p1053380r2023-02-23 00:00:00w2023-02-23yMONOGRAFIA